Parallel computers 2 : (Record no. 176332)
[ view plain ]
| 000 -LEADER | |
|---|---|
| fixed length control field | 01038 a2200265 4500 |
| 003 - CONTROL NUMBER IDENTIFIER | |
| control field | Nust |
| 005 - DATE AND TIME OF LATEST TRANSACTION | |
| control field | 20230526143024.0 |
| 010 ## - LIBRARY OF CONGRESS CONTROL NUMBER | |
| LC control number | 87028849 |
| 020 ## - INTERNATIONAL STANDARD BOOK NUMBER | |
| International Standard Book Number | 0852748116 |
| 020 ## - INTERNATIONAL STANDARD BOOK NUMBER | |
| International Standard Book Number | 0852748124 (pbk.) |
| 040 ## - CATALOGING SOURCE | |
| Transcribing agency | Nust |
| 082 00 - DEWEY DECIMAL CLASSIFICATION NUMBER | |
| Classification number | 004.35 |
| 100 1# - MAIN ENTRY--PERSONAL NAME | |
| Personal name | Hockney, Roger W. |
| 9 (RLIN) | 93873 |
| 245 10 - TITLE STATEMENT | |
| Title | Parallel computers 2 : |
| Remainder of title | architecture, programming, and algorithms / |
| Statement of responsibility, etc. | R.W. Hockney, C.R. Jesshope. |
| 246 3# - VARYING FORM OF TITLE | |
| Title proper/short title | Parallel computers two |
| 250 ## - EDITION STATEMENT | |
| Edition statement | 2nd ed. |
| 260 ## - PUBLICATION, DISTRIBUTION, ETC. | |
| Place of publication, distribution, etc. | Bristol, England ; |
| -- | Philadelphia : |
| Name of publisher, distributor, etc. | A. Hilger, |
| Date of publication, distribution, etc. | 1988. |
| 300 ## - PHYSICAL DESCRIPTION | |
| Extent | xv, 625 p. : |
| Other physical details | ill. ; |
| Dimensions | 24 cm. |
| 505 ## - FORMATTED CONTENTS NOTE | |
| Formatted contents note | Introduction (Page-1), Pipelined Computers (Page-117), Multiprocessors and Processor Arrays (Page-245), Parallel Languages (Page-370), Parallel Algorithms (Page-432), Technology and the Future (Page-551). |
| 650 #0 - SUBJECT ADDED ENTRY--TOPICAL TERM | |
| Topical term or geographic name entry element | Parallel computers. |
| 9 (RLIN) | 13754 |
| 700 1# - ADDED ENTRY--PERSONAL NAME | |
| Personal name | Hockney, Roger W. |
| 9 (RLIN) | 93873 |
| 700 1# - ADDED ENTRY--PERSONAL NAME | |
| Personal name | Jesshope, C. R. |
| 9 (RLIN) | 93874 |
| 856 42 - ELECTRONIC LOCATION AND ACCESS | |
| Materials specified | Publisher description |
| Uniform Resource Identifier | <a href="http://www.loc.gov/catdir/enhancements/fy0653/87028849-d.html">http://www.loc.gov/catdir/enhancements/fy0653/87028849-d.html</a> |
| 942 ## - ADDED ENTRY ELEMENTS (KOHA) | |
| Source of classification or shelving scheme | |
| Koha item type | Book |
| Withdrawn status | Lost status | Source of classification or shelving scheme | Damaged status | Not for loan | Permanent Location | Current Location | Shelving location | Date acquired | Full call number | Barcode | Date last seen | Price effective from | Koha item type | Public note |
|---|---|---|---|---|---|---|---|---|---|---|---|---|---|---|
| Military College of Signals (MCS) | Military College of Signals (MCS) | General Stacks | 12/12/2016 | 004.35,HOC | MCS3141 | 12/08/2016 | 12/12/2016 | Book | Almirah No.79, Shelf No.5 |
